000 00566nam a2200205Ia 4500
003 IEPS
005 20250703135257.0
008 250223s9999||||xx |||||||||||||| ||und||
040 _CIEPS
041 _aara
082 _a158.1
100 _aابو اسعد
245 0 _aنظريات الارشاد النفسي التربوي
260 _aعمان
_bدار المسيرة للنشر و التوزيع
_c2009
300 _a747 ص.
_c24سم.
653 _aالتربية
653 _aعلم النفس
700 _aعربيات احمد
942 _cكتاب
999 _c12224
_d12224